Rozpoznaj kluby piłkarskie po herbach - Statystyki

Ogólne statystyki
  • Ten quiz został rozwiązany 81 razy
  • Średni wynik to 27 z 40
Statystyki odpowiedzi
Obrazkowy Odpowiedź % Poprawnych
FC Barcelona
100%
Real Madryt
96%
FC Porto
94%
Borussia Dortmund
91%
SSC Napoli
91%
SL Benfica
87%
AC Milan
85%
Inter Mediolan
84%
Atletico Madryt
81%
Villarreal
81%
FC Schalke 04
76%
Olympiakos Pireus
76%
FC Fulham
73%
FC Sevilla
73%
Olympique Marsylia
73%
Szachtar Donieck
73%
Wolverhampton Wanderers
73%
Galatasaray Stambuł
72%
Real Betis
70%
FC Basel
69%
FC Bologna
69%
Besiktas Stambuł
67%
FC Augsburg
67%
RSC Anderlecht
67%
Real Sociedad
66%
Celta Vigo
64%
VfB Stuttgart
63%
Werder Brema
63%
Eintracht Frankfurt
61%
SC Freiburg
61%
Sampdoria Genoa
58%
Hannover 96
57%
APOEL Nikozja
54%
Spartak Moskwa
48%
Karabach Agdam
45%
Fortuna Dusseldorf
42%
FC Kaiserslautern
33%
FC Zurych
31%
Antalyaspor
15%
Grasshopper Zurych
10%
Nie znaleziono quizów pasujących do podanych kryteriów
Rozkład punktacji
Procent ludzi z każdym wynikiem
Percentyl według liczby udzielonych odpowiedzi
Twoja historia wyników
Nie rozwiązałeś tego quizu